The electronic African bookworm : (Record no. 161174)

MARC details
000 -LEADER
fixed length control field 00897cam a2200277Ka 4500
008 - FIXED-LENGTH DATA ELEMENTS--GENERAL INFORMATION
fixed length control field
020 ## - INTERNATIONAL STANDARD BOOK NUMBER
International Standard Book Number 095212694X (pbk.)
049 ## - LOCAL HOLDINGS (OCLC)
Holding library MAIN
090 ## - LOCALLY ASSIGNED LC-TYPE CALL NUMBER (OCLC); LOCAL CALL NUMBER (RLIN)
Classification number (OCLC) (R) ; Classification number, CALL (RLIN) (NR) Z674.8.159
003 - CONTROL NUMBER IDENTIFIER
control field
005 - DATE AND TIME OF LATEST TRANSACTION
control field 20230123134150.0
040 ## - CATALOGING SOURCE
Transcribing agency NUST
100 1# - MAIN ENTRY--PERSONAL NAME
Personal name Zell, Hans M.
245 14 - TITLE STATEMENT
Title The electronic African bookworm :
Remainder of title a web navigator /
Statement of responsibility, etc. compiled by Hans M. Zell.
250 ## - EDITION STATEMENT
Edition statement Print version.
260 ## - PUBLICATION, DISTRIBUTION, ETC.
Place of publication, distribution, etc. Oxford, England :
Name of publisher, distributor, etc. African Books Collective,
Date of publication, distribution, etc. 1998.
300 ## - PHYSICAL DESCRIPTION
Extent x, 134 p. ;
Dimensions 21 cm.
500 ## - GENERAL NOTE
General note Spiral bound.
530 ## - ADDITIONAL PHYSICAL FORM AVAILABLE NOTE
Additional physical form available note Electronic version available online via the World Wide Web.
651 #0 - SUBJECT ADDED ENTRY--GEOGRAPHIC NAME
Geographic name Africa
General subdivision Computer network resources
Form subdivision Directories.
650 #0 - SUBJECT ADDED ENTRY--TOPICAL TERM
Topical term or geographic name entry element Internet addresses
Form subdivision Directories.
650 #0 - SUBJECT ADDED ENTRY--TOPICAL TERM
Topical term or geographic name entry element World Wide Web.
650 #0 - SUBJECT ADDED ENTRY--TOPICAL TERM
Topical term or geographic name entry element Web sites
Form subdivision Directories.
907 ## - LOCAL DATA ELEMENT G, LDG (RLIN)
a .b10028328
b 07-02-06
c 17-04-03
942 ## - ADDED ENTRY ELEMENTS (KOHA)
Koha item type Ordinary Loan Books
Call number prefix Z674.8.159
Holdings
Date last seen Total Checkouts Full call number Barcode Cost, replacement price Price effective from Koha item type Lost status Source of classification or shelving scheme Damaged status Not for loan Collection Withdrawn status Home library Current library Shelving location Date acquired Cost, normal purchase price
01/23/2023 7 Z674.8.159 ELE 92003001515 80.00 01/23/2023 BOOKS   LCC     NFIC   MAIN MAIN GEN 01/23/2023 80.00